| 000 | 00761nam a22001817a 4500 | ||
|---|---|---|---|
| 003 | OSt | ||
| 005 | 20251030101424.0 | ||
| 008 | 251030t1989 ag ||||| |||| 00| 0 spa d | ||
| 040 |
_cAR-RoUNCS _aAR-RoUNCS |
||
| 080 | _0378.4(82)(94) | ||
| 110 | 2 | _aUniversidad Nacional de Rosario. | |
| 245 | 1 | 0 |
_aHomenaje a la Reforma Universitaria / _bUniversidad Nacional de Rosario. |
| 260 |
_aRosario : _bUNR Editora, _c1989. |
||
| 300 |
_a161 p. ; _b21 cm. |
||
| 505 | 2 | 0 |
_tLa Reforma Universitaria / _rGabriel del Mazo -- _tSignificación social de la reforma Universitaria / _rJulio V. González -- _tCiencias, maestros, universidades / _rDeodoro Roca -- _tJuventud, entusiasmo y energía / _rJosé Ingenieros. |
| 650 | 4 |
_aUNIVERSIDADES _xHISTORIA _zARGENTINA |
|
| 942 |
_2udc _cOG _n0 |
||
| 999 |
_c667 _d667 |
||